00932 a2200205 45000010006000000050017000060080041000230030015000640400040000790800035001192450048001540200018002022640051002203000019002715050248002900410008005381000019005467000023005658560138005883023220260407155613.0260407a1981 arg spa dAR-UNSa-BCEJYS aAR-UNSa-BCEJYSbspacAR-UNSa-BCEJYS a330.34xDesarrollo Económico10aAspectos del desarrollo y del subdesarrollo a968-16-0648-5 1aMéxico :bFondo de Cultura Económicac1981 a215 p.c21 cm. a1. Luces que confunden - 2. El excedente y la acumulación - 3. La tierra y el trabajo - 4. El comercio de las mercancías primarias - 5. Ayuda y créditos - 6. La industrialización dependiente - 7. Los armamentos - 8. ¿Y ahora qué? -  aspa1 aRobinson, Joan1 aZamora, Clementina41uhttps://biblioeco.unsa.edu.ar/pmb/images/libros/Aspectos del Desarrollo y el Subdesarrololo-l45096.jpgyImagen de portadaqimage/jpeg